| 000 | 00633nac a22001691u 4500 | ||
|---|---|---|---|
| 020 | _a8121921376 | ||
| 082 |
_a610.151 _bR162 |
||
| 090 |
_c3184 _d3184 |
||
| 100 | _aRanganath ,G.K. | ||
| 245 |
_aA Textbook Of Numerical Methods And Linear Programming / _bG.K. Ranganath , B. Sooryanarayana. |
||
| 260 |
_aNew Delhi:[2003] _bS.Chand Company, _cc[2003] |
||
| 300 |
_a321p.: _bill; _c22cm. |
||
| 650 | _aNumerical Methods. | ||
| 650 | _aLinear Programming. | ||
| 942 |
_cBB _k610.151 R162 |
||
| 999 |
_c3184 _d3184 |
||